CURRENT MEDICAL DIAGNOSIS & TREATMENT 2025 (Record no. 30842)

MARC details
000 -LEADER
fixed length control field 00372nam a22001577a 4500
003 - CONTROL NUMBER IDENTIFIER
control field SGT
020 ## - INTERNATIONAL STANDARD BOOK NUMBER
International Standard Book Number 9781266267901
082 ## - DEWEY DECIMAL CLASSIFICATION NUMBER
Classification number 616.024
Item number C25P
100 ## - MAIN ENTRY--PERSONAL NAME
Personal name PAPADKIS, MAXIME A.
245 ## - TITLE STATEMENT
Title CURRENT MEDICAL DIAGNOSIS & TREATMENT 2025
250 ## - EDITION STATEMENT
Edition statement 64
260 ## - PUBLICATION, DISTRIBUTION, ETC. (IMPRINT)
Place of publication, distribution, etc USA
Name of publisher, distributor, etc MC GRAW HILL PUB
Year of Publication 2025
300 ## - PAGE DESCRIPTION
No. of Pages 1821
650 ## - SUBJECT ADDED ENTRY--TOPICAL TERM
Topical term or geographic name as entry element EMERGENCY MEDICINE
942 ## - ADDED ENTRY ELEMENTS (KOHA)
Source of classification or shelving scheme Dewey Decimal Classification
Koha item type Books
Holdings
Withdrawn status Lost status Source of classification or shelving scheme Damaged status Not for loan Collection code Home library Current library Shelving location Date acquired Vendor Name Cost, normal purchase price SGTU Bill Number Total Checkouts Full call number Accession No. (Barcode) Date last seen Bill Date Koha item type
    Dewey Decimal Classification   Not For Loan MEDICAL SGT Medical Library SGT Medical Library Reference Book 23/03/2025 ABC DELHI 5708.00 SGTU 20800   616.024 C25P FM15122 15/04/2025 23/03/2025 Books
    Dewey Decimal Classification   Not For Loan MEDICAL SGT Medical Library SGT Medical Library Reference Book 23/03/2025 ABC DELHI 5708.00 SGTU 20800   616.024 C25P FM15123 15/04/2025 23/03/2025 Books